| 000 | 00996nam a22001577a 4500 | ||
|---|---|---|---|
| 008 | 110615t xxu||||| |||| 00| 0 eng d | ||
| 010 | _aCACAF41 | ||
| 245 | _aThe Court of Appeal Criminal Appeal No. 35 of 1997 Byarugaba Didas Vs Uganda . | ||
| 260 | _c1997 | ||
| 500 | _acoram: Hon. Lady Justice A.E.N. Mpangi-Bahigeine, JA. Hon. Mr. Justice J.P. Berko , JA. Hon. Lady. Justice C.N.B. Kitumba, JA. | ||
| 500 | _aAn Appeal from the judgment of the High Court of Uganda at Kampala (J. sebutinde Ag. J. as she the was dated 27/6/1997 in Criminal Session Case No.132 of 1994. | ||
| 999 |
_c2991 _d2991 |
||